| 000 | 00667pam a2200229 i 4500 | ||
|---|---|---|---|
| 001 | 390748 | ||
| 003 | OSt | ||
| 005 | 20170322175720.0 | ||
| 008 | 790125s1979 pau b 001 0 eng | ||
| 010 | _a 79000878 | ||
| 020 | _a0397542216 | ||
| 040 |
_aDLC _cDLC _dDLC |
||
| 082 |
_aWY 20.5 _bD566r 1979 |
||
| 100 | 1 |
_aDiers, Donna. _911898 |
|
| 245 | 1 | 0 |
_aResearch in nursing practice / _cDonna Diers. |
| 260 |
_aPhiladelphia : _bLippincott, _c1979. |
||
| 300 |
_axi, 290 p. ; _c24 cm. |
||
| 504 | _aIncludes bibliographical references and index. | ||
| 650 | 0 |
_aNursing _xResearch. _911685 |
|
| 906 |
_a7 _bcbc _corignew _d1 _eocip _f19 _gy-gencatlg |
||
| 942 |
_2z _cO_SHELF |
||
| 999 |
_c5720 _d5720 |
||